=LDR 00000nam 2200000 4500 =001 NUTBA000000000003271 =005 20140812115603.0 =006 =007 =008 =020 ##$$a 978-602-8799-96 =035 ##$$a 0010-081400000000115 =040 ##$$a NBPDMAT =082 ##$$a 372.72 =090 ##$$a 372.72 $b Ika k =100 ##$$a Ika Wulandari =245 ##$$a Kupas tuntas barisan dan deret / $c Ika Wubandari =260 ##$$a Yogyakarta : $b Citra Aji Parama, $c 2011 =300 ##$$a iv, 84 hlm. : $b ilus. ; $c 22 cm. =650 ##$$a Pendidikan dasar =990 ##$$a 21404167 =990 ##$$a 0001/BPAP-NTB/20142014 =990 ##$$a 0001/BPAP-NTB/20142014 =990 ##$$a 0001/BPAP-NTB/20142014 =990 ##$$a 0001/BPAP-NTB/20142014 =990 ##$$a 0001/BPAP-NTB/20142014